Můj život, aneb, O mých experimentech s pravdou /

Hlavní autor: Gándhí, Mahátma, 1869-1948
Další autoři: Tannerová, Eva
Jazyk: Čeština
Vydáno: Petrovice : ALMI, [2015]
Témata:
Fyzický popis: 429 stran ; 25 cm
Knihy
Uloženo v:
LEADER 03085nam a2200853 i 4500
001 nkc20162770792
003 CZ PrNK
005 20230517155155.0
007 ta
008 160106t20152015xr e 000 1acze
015 |a cnb002770792 
020 |a 978-80-87494-15-8  |q (ProfiSales ;  |q vázáno) 
035 |a (OCoLC)944218852 
040 |a BOA001  |b cze  |d ABA001  |e rda 
041 1 |a cze  |k eng  |h guj 
043 |a a-ii--- 
045 |a w6x4 
072 7 |a 17  |x Etika. Morální filozofie  |2 Konspekt  |9 5 
072 7 |a 929  |x Biografie  |2 Konspekt  |9 8 
080 |a 233-37  |2 MRF 
080 |a 32-051  |2 MRF 
080 |a 316.64  |2 MRF 
080 |a 32-026.12  |2 MRF 
080 |a 17.02  |2 MRF 
080 |a 13  |2 MRF 
080 |a 22/24-584  |2 MRF 
080 |a 172.4  |2 MRF 
080 |a 323.25  |2 MRF 
080 |a 2-585  |2 MRF 
080 |a 929  |2 MRF 
080 |a (540)  |2 MRF 
080 |a (092)  |2 MRF 
100 1 |a Gándhí, Mahátma,  |d 1869-1948  |7 jn20000601721  |4 aut 
240 1 0 |a Satyanā prayogo, athavā, Ātmakathā.  |l Česky  |7 aun20221150838 
245 1 0 |a Můj život, aneb, O mých experimentech s pravdou /  |c Mahátma Gándhí ; překlad: Eva Tannerová 
246 3 0 |a O mých experimentech s pravdou 
264 1 |a Petrovice :  |b ALMI,  |c [2015] 
264 4 |c ©2015 
300 |a 429 stran ;  |c 25 cm 
336 |a text  |b txt  |2 rdacontent 
337 |a bez média  |b n  |2 rdamedia 
338 |a svazek  |b nc  |2 rdacarrier 
500 |a Přeloženo z anglického překladu gudžarátského originálu 
500 |a V tiráži nakladatel: ProfiSales s.r.o. 
504 |a Obsahuje bibliografii a bibliografické odkazy 
600 1 7 |a Gándhí, Mahátma,  |d 1869-1948  |7 jn20000601721  |2 czenas 
648 7 |a 19.-20. století  |7 ch757015  |2 czenas 
648 4 |a 1869-1948 
650 0 7 |a duchovní vůdci  |7 ph114374  |z Indie  |y 19.-20. století  |2 czenas 
650 0 7 |a politici  |7 ph115781  |z Indie  |y 19.-20. století  |2 czenas 
650 0 7 |a názory a postoje  |7 ph137634  |2 czenas 
650 0 7 |a politická činnost  |7 ph138036  |2 czenas 
650 0 7 |a životní moudrost  |7 ph128026  |x duchovní pojetí  |2 czenas 
650 0 7 |a duchovní život  |7 ph114375  |2 czenas 
650 0 7 |a nenásilí  |7 ph137459  |2 czenas 
650 0 7 |a askeze  |7 ph138494  |2 czenas 
650 0 9 |a spiritual leaders  |z India  |y 19th-20th centuries  |2 eczenas 
650 0 9 |a politicians  |z India  |y 19th-20th centuries  |2 eczenas 
650 0 9 |a views and attitudes  |2 eczenas 
650 0 9 |a political activities  |2 eczenas 
650 0 9 |a life wisdom  |x spiritual approach  |2 eczenas 
650 0 9 |a spiritual life  |2 eczenas 
650 0 9 |a nonviolence  |2 eczenas 
650 0 9 |a asceticism  |2 eczenas 
655 7 |a autobiografie  |7 fd131855  |2 czenas 
655 9 |a autobiography  |2 eczenas 
700 1 |a Tannerová, Eva  |4 trl 
910 2 |a BOA001  |b 2-1359.554 
928 9 |a ProfiSales 
990 |a BK 
995 |a 01 
991 |b 201602  |c NOV 
996 6 |b 2610656981  |c 2-1359.554  |l MZK  |r Sklad / do 1 hodiny  |n 1  |p p.v.  |w 001541477  |u 000010  |a 1  |e BOA001  |j MZK50  |s P 
996 7 |b 2610656982  |c 2-1359.554  |l Vol.výběr  |r VV 0p  |n 13  |p p.v.  |h 32 GÁN  |w 001541477  |u 000020  |a 0  |e BOA001  |j MZK50  |s A